[Event "Natal Potiguar-ch"]
[Site "Natal"]
[Date "2018.01.20"]
[Round "2"]
[White "Rocha, Vitor Firmo de Souz"]
[Black "De Lima Jr, Francisco Biagioni"]
[Result "1-0"]
[WhiteElo "2219"]
[BlackElo "1688"]
[PlyCount "59"]
[EventDate "2018.01.19"]
[EventType "tourn"]
[EventRounds "9"]
[EventCountry "BRA"]
[SourceTitle "CBM 182 Extra"]
[Source "ChessBase"]
[SourceDate "2018.02.23"]
[SourceVersion "1"]
[SourceVersionDate "2018.02.23"]
[SourceQuality "1"]

1. e4 c5 2. Nf3 e6 3. d4 cxd4 4. Nxd4 Nc6 5. Nb5 a6 6. Nd6+ Bxd6 7. Qxd6 Qe7 8. Qd1 Nf6 9. Nc3 Qb4 10. a3 Qd4 11. Bd3 Ne5 12. 0-0 Nxd3 13. Be3 Qe5 14. cxd3 b5 15. d4 Qh5 16. f3 Bb7 17. Ne2 0-0 18. Qd2 Rfc8 19. Nf4 Qh4 20. g3 Qh6 21. Nxe6 Qh3 22. Nf4 Qh6 23. Nd5 Qh3 24. Ne7+ Kh8 25. Nxc8 Rxc8 26. Rac1 Nh5 27. Rxc8+ Bxc8 28. Rc1 d6 29. Qa5 h6 30. Qd8+ 1-0

[Event "Natal Potiguar-ch sf"]
[Site "Natal"]
[Date "2017.09.09"]
[Round "3"]
[White "De Lima Jr, Francisco Biagioni"]
[Black "Dos Santos, Wallefy Perycles Al"]
[Result "1-0"]
[WhiteElo "1699"]
[BlackElo "1418"]
[PlyCount "89"]
[EventDate "2017.09.08"]
[EventType "swiss"]
[EventRounds "6"]
[EventCountry "BRA"]
[SourceTitle "EXT 2018"]
[Source "ChessBase"]
[SourceDate "2017.10.13"]
[SourceVersion "1"]
[SourceVersionDate "2017.10.13"]
[SourceQuality "1"]

1. c4 e5 2. Nc3 Nf6 3. e3 d5 4. cxd5 Nxd5 5. Qb3 c6 6. Bc4 Be6 7. Nge2 b6 8. 0-0 Nxc3 9. bxc3 Bxc4 10. Qxc4 Be7 11. d4 Bf6 12. Ba3 Qd5 13. Qxd5 cxd5 14. Bd6 Nc6 15. dxe5 Bxe5 16. Bxe5 Nxe5 17. Rfd1 Rd8 18. Nf4 0-0 19. Nxd5 Nc6 20. Rd2 Rfe8 21. Rad1 Kf8 22. Kf1 Ne7 23. Nxe7 Kxe7 24. Rxd8 Rxd8 25. Rxd8 Kxd8 26. Ke2 Kd7 27. Kd3 Kd6 28. Kd4 f6 29. e4 g5 30. a4 a6 31. c4 a5 32. f3 Kc6 33. g3 Kd6 34. h4 h6 35. hxg5 hxg5 36. f4 gxf4 37. gxf4 Ke6 38. c5 bxc5+ 39. Kxc5 Kd7 40. Kb6 Kd6 41. Kxa5 Kc5 42. Ka6 Kd4 43. e5 fxe5 44. fxe5 Kxe5 45. Kb7 1-0

[Event "Natal Potiguar op"]
[Site "Natal"]
[Date "2017.06.04"]
[Round "5"]
[White "Dantas, Francisco"]
[Black "De Lima Jr, Francisco Biagioni"]
[Result "1/2-1/2"]
[WhiteElo "1905"]
[BlackElo "1671"]
[PlyCount "103"]
[EventDate "2017.06.02"]
[EventType "swiss"]
[EventRounds "6"]
[EventCountry "BRA"]
[SourceTitle "EXT 2018"]
[Source "ChessBase"]
[SourceDate "2017.10.13"]
[SourceVersion "1"]
[SourceVersionDate "2017.10.13"]
[SourceQuality "1"]

1. d4 e6 2. c4 Nf6 3. Nc3 Bb4 4. Qc2 c5 5. e3 cxd4 6. exd4 d5 7. Nf3 0-0 8. a3 Qa5 9. Bd2 Bxc3 10. Bxc3 Qc7 11. b3 b6 12. Be2 Ba6 13. Bb2 Rc8 14. Rc1 Nbd7 15. 0-0 Bb7 16. Qb1 Qd6 17. Ne5 Rc7 18. Rfd1 Rac8 19. Qa2 Qe7 20. Bf3 dxc4 21. Bxb7 Rxb7 22. bxc4 Nxe5 23. dxe5 Nd7 24. Qb1 Rbc7 25. Qe4 Nc5 26. Qc2 Rd8 27. Rxd8+ Qxd8 28. Rd1 Rd7 29. Rxd7 Qxd7 30. Kf1 Qd3+ 31. Qxd3 Nxd3 32. Bc3 Nc5 33. f3 a5 34. Ke2 Kf8 35. Bd4 Nd7 36. Kd2 Ke8 37. Kc3 Kd8 38. Be3 Kc7 39. Bd4 Kc6 40. h3 Nf8 41. g3 Ng6 42. h4 h5 43. a4 Nf8 44. Be3 Nd7 45. Bd4 Nc5 46. Bxc5 Kxc5 47. g4 g6 48. g5 Kc6 49. Kd4 Kb7 50. c5 Kc6 51. cxb6 Kxb6 52. Kc4 1/2-1/2

[Event "Natal University Circuito Potiguar I"]
[Site "Natal"]
[Date "2017.04.09"]
[Round "4.5"]
[White "De Lima Jr, Francisco Biagioni"]
[Black "Da Silva, Igor Fernandes"]
[Result "0-1"]
[WhiteElo "1687"]
[BlackElo "1776"]
[PlyCount "128"]
[EventDate "2017.04.07"]
[EventType "swiss"]
[EventRounds "5"]
[EventCountry "BRA"]
[SourceTitle "EXT 2022"]
[Source "ChessBase"]
[SourceDate "2021.10.06"]
[SourceVersion "1"]
[SourceVersionDate "2021.10.06"]
[SourceQuality "1"]

1. e4 c5 2. Nf3 d6 3. d4 cxd4 4. Qxd4 a6 5. Be3 Nc6 6. Qb6 Nf6 7. Nc3 e6 8. 0-0-0 Be7 9. Bc5 Qxb6 10. Bxb6 0-0 11. h3 Bd7 12. Bc4 Rac8 13. Bb3 Ne5 14. Nxe5 dxe5 15. f3 Bc5 16. Bxc5 Rxc5 17. g4 g5 18. Rh2 Kg7 19. Rhd2 Rc7 20. Rd6 Rfc8 21. R1d2 Kf8 22. Na4 Bxa4 23. Bxa4 Ke7 24. Kd1 b5 25. Bb3 Rc6 26. Rxc6 Rxc6 27. a3 Rd6 28. a4 h6 29. axb5 axb5 30. c4 Rxd2+ 31. Kxd2 b4 32. Ba4 Kd6 33. Kc2 Ng8 34. Be8 f6 35. Kb3 Kc5 36. Bf7 Ne7 37. Bxe6 Nc6 38. Bd5 Nd4+ 39. Ka4 Nxf3 40. Ka5 Ng1 41. Ka6 Nxh3 42. Kb7 Nf2 43. Kc7 Nxg4 44. Kd7 Ne3 45. Ke7 Nxc4 46. Kxf6 Nxb2 47. Kxe5 Nd3+ 48. Kf6 Kd4 49. Kg7 Nc5 50. Kxh6 Nxe4 51. Be6 Ke5 52. Bg4 b3 53. Bd1 b2 54. Bc2 Kf4 55. Kh5 Ng3+ 56. Kg6 Ne2 57. Kh5 Nc3 58. Bg6 b1Q 59. Bxb1 Nxb1 60. Kh6 g4 61. Kh5 g3 62. Kh4 g2 63. Kh3 g1Q 64. Kh4 Qh1# 0-1

[Event "Natal University Circuito Potiguar I"]
[Site "Natal"]
[Date "2017.04.09"]
[Round "5.7"]
[White "De Lima Jr, Francisco Biagioni"]
[Black "Sallaberry, Ana Paula Nogueira"]
[Result "1/2-1/2"]
[WhiteElo "1687"]
[BlackElo "1559"]
[PlyCount "83"]
[EventDate "2017.04.07"]
[EventType "swiss"]
[EventRounds "5"]
[EventCountry "BRA"]
[SourceTitle "EXT 2022"]
[Source "ChessBase"]
[SourceDate "2021.10.06"]
[SourceVersion "1"]
[SourceVersionDate "2021.10.06"]
[SourceQuality "1"]

1. e4 c6 2. e5 d5 3. exd6 Qxd6 4. Nf3 Bf5 5. Be2 Nf6 6. 0-0 e6 7. d4 Be7 8. Bd3 Bxd3 9. Qxd3 0-0 10. Be3 Nbd7 11. Nbd2 Rac8 12. Ne4 Nxe4 13. Qxe4 Nf6 14. Qd3 Rfd8 15. Qb3 b6 16. Rfd1 Qc7 17. c3 h6 18. Qc2 Rd5 19. Qe2 Bd6 20. h3 c5 21. dxc5 Rxd1+ 22. Rxd1 Bxc5 23. Bd4 Nd7 24. Be5 Nxe5 25. Qxe5 Qxe5 26. Nxe5 Rc7 27. Kf1 Be7 28. Rd7 Rxd7 29. Nxd7 Bd6 30. f3 f6 31. c4 Kf7 32. b4 Bxb4 33. Nb8 Ba3 34. Nc6 a5 35. Ke2 e5 36. Kd3 Bc5 37. g3 h5 38. a4 g6 39. Ke4 Ke6 40. Nd8+ Kd7 41. Nf7 Ke7 42. Nh8 1/2-1/2

[Event "Natal University Circuito Potiguar I"]
[Site "Natal"]
[Date "2017.04.08"]
[Round "3.7"]
[White "Do Nascimento, Jonnas Nikolas S"]
[Black "De Lima Jr, Francisco Biagioni"]
[Result "0-1"]
[WhiteElo "1800"]
[BlackElo "1687"]
[PlyCount "96"]
[EventDate "2017.04.07"]
[EventType "swiss"]
[EventRounds "5"]
[EventCountry "BRA"]
[SourceTitle "EXT 2022"]
[Source "ChessBase"]
[SourceDate "2021.10.06"]
[SourceVersion "1"]
[SourceVersionDate "2021.10.06"]
[SourceQuality "1"]

1. d4 e6 2. c4 Nf6 3. a3 c5 4. e3 cxd4 5. exd4 d5 6. Nc3 Be7 7. Nf3 0-0 8. Be2 a6 9. 0-0 dxc4 10. Bxc4 b5 11. Bd3 Bb7 12. Be3 Nd5 13. Nxd5 Qxd5 14. Qc2 g6 15. Qd2 Nc6 16. b4 Rfd8 17. Qc3 Rac8 18. Qb2 e5 19. Bc2 Nxd4 20. Bxd4 exd4 21. Bb3 Qd6 22. a4 Bf6 23. Qd2 Rc3 24. Qa2 Rd7 25. Rab1 Bxf3 26. gxf3 Rxf3 27. axb5 axb5 28. Qa8+ Kg7 29. Qxf3 d3 30. Rfd1 d2 31. Qg3 Qxb4 32. Bc2 Qc5 33. Qb3 b4 34. Be4 Bc3 35. Qc2 Re7 36. Rxd2 Qg5+ 37. Bg2 Qxd2 38. Qxd2 Bxd2 39. Rb3 Bc3 40. Bf3 f5 41. Kg2 g5 42. Kg3 Kg6 43. h3 h5 44. Rb1 Re1 45. Bd1 Kf6 46. h4 f4+ 47. Kf3 g4+ 48. Kxf4 Be5# 0-1

[Event "Natal University Circuito Potiguar I"]
[Site "Natal"]
[Date "2017.04.07"]
[Round "1.10"]
[White "Vieira, Italo Gomes"]
[Black "De Lima Jr, Francisco Biagioni"]
[Result "0-1"]
[WhiteElo "1793"]
[BlackElo "1687"]
[PlyCount "94"]
[EventDate "2017.04.07"]
[EventType "swiss"]
[EventRounds "5"]
[EventCountry "BRA"]
[SourceTitle "EXT 2022"]
[Source "ChessBase"]
[SourceDate "2021.10.06"]
[SourceVersion "1"]
[SourceVersionDate "2021.10.06"]
[SourceQuality "1"]

1. e4 e6 2. d4 c5 3. c3 Nf6 4. Nd2 Nc6 5. Ngf3 d5 6. Qe2 dxe4 7. Nxe4 cxd4 8. Bg5 Be7 9. Bxf6 Bxf6 10. Rd1 0-0 11. g3 e5 12. Bg2 Qe7 13. 0-0 Bg4 14. Rfe1 Rad8 15. h3 Be6 16. Nxf6+ Qxf6 17. Nxe5 Nxe5 18. Qxe5 Qxe5 19. Rxe5 dxc3 20. Rxd8 Rxd8 21. bxc3 b6 22. Re4 Rc8 23. Ra4 a5 24. Rd4 Bxa2 25. Bb7 Rb8 26. c4 Kf8 27. Ba6 a4 28. c5 bxc5 29. Rxa4 Be6 30. Ra5 Ra8 31. Ra4 c4 32. Bb5 Rxa4 33. Bxa4 Bxh3 34. f4 g6 35. Kf2 Ke7 36. Ke3 Kd6 37. Kd4 Bf1 38. Be8 f6 39. Bf7 g5 40. f5 Be2 41. Be8 Bg4 42. Kxc4 Ke5 43. Ba4 Bxf5 44. Bd1 Bg6 45. g4 f5 46. Bc2 fxg4 47. Bxg6 hxg6 0-1

[Event "Natal Potiguar-ch"]
[Site "Natal"]
[Date "2017.01.14"]
[Round "5"]
[White "Macedo, Maximo Iack Miranda"]
[Black "De Lima Jr, Francisco Biagioni"]
[Result "1-0"]
[WhiteElo "2352"]
[BlackElo "1688"]
[PlyCount "69"]
[EventDate "2017.01.10"]
[EventType "tourn"]
[EventRounds "11"]
[EventCountry "BRA"]
[SourceTitle "CBM 176 Extra"]
[Source "ChessBase"]
[SourceDate "2017.03.02"]
[SourceVersion "1"]
[SourceVersionDate "2017.03.02"]
[SourceQuality "1"]

1. d4 Nf6 2. Nc3 e6 3. e4 Bb4 4. e5 Nd5 5. Qg4 Nxc3 6. Qxg7 Rf8 7. a3 Na2+ 8. axb4 Nxc1 9. Rxc1 Qe7 10. c3 f5 11. exf6 Rxf6 12. Qxe7+ Kxe7 13. Bd3 h6 14. Nf3 b6 15. Be4 c6 16. 0-0 Ba6 17. Rfe1 Kd6 18. Ne5 Kc7 19. Ng4 Rf4 20. Nxh6 Bc4 21. g3 Rf8 22. f4 Na6 23. Ng4 Rae8 24. Ne3 Bd5 25. Nxd5+ cxd5 26. Bd3 Nb8 27. b5 d6 28. Ra1 Kb7 29. Bg6 Re7 30. Re3 e5 31. dxe5 dxe5 32. Rxe5 Rxe5 33. fxe5 Rg8 34. Bf7 Rg7 35. e6 1-0

[Event "BRA-ch sf Reg2 83rd"]
[Site "Natal"]
[Date "2016.11.13"]
[Round "4"]
[White "De Lima Jr, Francisco Biagioni"]
[Black "Frankental, David"]
[Result "1/2-1/2"]
[WhiteElo "1668"]
[BlackElo "1745"]
[PlyCount "31"]
[EventDate "2016.11.12"]
[EventType "swiss"]
[EventRounds "7"]
[EventCountry "BRA"]
[SourceTitle "EXT 2018"]
[Source "ChessBase"]
[SourceDate "2017.10.13"]
[SourceVersion "1"]
[SourceVersionDate "2017.10.13"]
[SourceQuality "1"]

1. e4 c5 2. Nf3 Nc6 3. Bb5 Nf6 4. Bxc6 bxc6 5. d3 g6 6. 0-0 Bg7 7. Nc3 0-0 8. Qd2 d5 9. Re1 dxe4 10. Nxe4 Nxe4 11. dxe4 Qxd2 12. Nxd2 Be6 13. c4 Bh6 14. Nb3 Bg7 15. Nd2 Rfd8 16. Rb1 1/2-1/2

[Event "Recife Arraes Memorial 9th"]
[Site "Recife"]
[Date "2016.10.21"]
[Round "1.9"]
[White "Araujo, Sergio Murilo"]
[Black "De Lima Jr, Francisco Biagioni"]
[Result "1-0"]
[WhiteElo "2073"]
[BlackElo "1672"]
[PlyCount "61"]
[EventDate "2016.10.21"]
[EventType "swiss"]
[EventRounds "6"]
[EventCountry "BRA"]
[SourceTitle "EXT 2022"]
[Source "ChessBase"]
[SourceDate "2021.10.06"]
[SourceVersion "1"]
[SourceVersionDate "2021.10.06"]
[SourceQuality "1"]

1. c4 d6 2. Nc3 Nf6 3. d4 e6 4. e4 Nbd7 5. Nf3 c5 6. Be2 Be7 7. 0-0 cxd4 8. Nxd4 0-0 9. Be3 a6 10. Qd2 Qc7 11. f4 b6 12. Bf3 Bb7 13. Rac1 e5 14. Nf5 Nc5 15. Nd5 Bxd5 16. cxd5 Qd7 17. Qc2 Rac8 18. fxe5 dxe5 19. b4 Ncxe4 20. Qxc8 Rxc8 21. Nxe7+ Kf8 22. Nxc8 Nxd5 23. Rfd1 f5 24. Nxb6 Qe6 25. Rxd5 Nf6 26. Rc6 Nxd5 27. Bc5+ Ne7 28. Rxe6 e4 29. Be2 g5 30. Rxe7 h5 31. Bc4 1-0

[Event "Natal Potiguar op"]
[Site "Natal"]
[Date "2016.07.03"]
[Round "5"]
[White "De Lima Jr, Francisco Biagioni"]
[Black "Macedo, Alexandre Soares"]
[Result "0-1"]
[WhiteElo "1674"]
[BlackElo "1849"]
[PlyCount "92"]
[EventDate "2016.07.01"]
[EventType "swiss"]
[EventRounds "6"]
[EventCountry "BRA"]
[SourceTitle "EXT 2017"]
[Source "ChessBase"]
[SourceDate "2016.10.25"]
[SourceVersion "1"]
[SourceVersionDate "2016.10.25"]
[SourceQuality "1"]

1. Nf3 b6 2. d4 Bb7 3. g3 Nf6 4. Bg2 e6 5. 0-0 Be7 6. Bg5 h6 7. Bxf6 Bxf6 8. c3 d6 9. Re1 Nd7 10. Nbd2 Rb8 11. e4 e5 12. d5 0-0 13. Nc4 Be7 14. Ne3 g6 15. Nd2 c6 16. c4 a5 17. a4 Qe8 18. b3 Nc5 19. Qg4 Bc8 20. Qe2 f5 21. dxc6 f4 22. c7 Rb7 23. Nd5 Be6 24. Nc3 Rxc7 25. Nb5 Rd7 26. Qd1 Qf7 27. g4 Bh4 28. Rf1 Qf6 29. f3 Kh8 30. Nb1 Bg8 31. N1c3 h5 32. gxh5 gxh5 33. Bh3 Be6 34. Bxe6 Qxe6 35. Ra2 Rg8+ 36. Kh1 Qh3 37. Rg1 Rxg1+ 38. Kxg1 Rg7+ 39. Kh1 Rg3 40. Nxd6 Rxf3 41. Rg2 Nd3 42. Nf5 Bg5 43. Kg1 Re3 44. Nxe3 Qxe3+ 45. Kf1 f3 46. Rxg5 Qf2# 0-1

[Event "Natal-ch"]
[Site "Natal"]
[Date "2016.02.06"]
[Round "2"]
[White "De Lima Jr, Francisco Biagioni"]
[Black "Da Silva, Gerson Lennon Cabra"]
[Result "1-0"]
[WhiteElo "1590"]
[BlackElo "1770"]
[PlyCount "48"]
[EventDate "2016.02.06"]
[EventType "swiss"]
[EventRounds "6"]
[EventCountry "BRA"]
[SourceTitle "CBM 171 Extra"]
[Source "ChessBase"]
[SourceDate "2016.04.26"]
[SourceVersion "1"]
[SourceVersionDate "2016.04.26"]
[SourceQuality "1"]

1. e3 e5 2. Ne2 d5 3. Ng3 c5 4. Nc3 Nf6 5. Nh5 Be6 6. Bb5+ Nc6 7. b3 a6 8. Bxc6+ bxc6 9. 0-0 g6 10. Nxf6+ Qxf6 11. f4 d4 12. Ne4 Qf5 13. Ng5 Bh6 14. Nxe6 fxe6 15. fxe5 Qxe5 16. Qf3 Rf8 17. Qxc6+ Ke7 18. Ba3 Rac8 19. Qa4 dxe3 20. d4 Qe4 21. Qc4 e2 22. Rfe1 Be3+ 23. Kh1 Bxd4 24. Rxe2 Qf5 1-0

[Event "Potiguar-ch"]
[Site "Macaiba"]
[Date "2015.12.13"]
[Round "5.3"]
[White "De Lima Jr, Francisco Biagioni"]
[Black "Rocha, Vitor Firmo de Souz"]
[Result "0-1"]
[WhiteElo "1542"]
[BlackElo "2142"]
[PlyCount "88"]
[EventDate "2015.12.12"]
[EventType "swiss"]
[EventRounds "5"]
[EventCountry "BRA"]
[SourceTitle "EXT 2022"]
[Source "ChessBase"]
[SourceDate "2021.10.06"]
[SourceVersion "1"]
[SourceVersionDate "2021.10.06"]
[SourceQuality "1"]

1. d3 d5 2. Nf3 Nf6 3. g3 Nc6 4. Bg2 e5 5. 0-0 Be7 6. c4 d4 7. Bg5 0-0 8. a3 a5 9. b3 Nd7 10. Bxe7 Qxe7 11. Ne1 f5 12. Bd5+ Kh8 13. Bxc6 bxc6 14. f3 c5 15. a4 Bb7 16. Nd2 Rae8 17. Nc2 Nf6 18. Na3 e4 19. Re1 e3 20. Ndb1 Qd7 21. Kg2 f4 22. Rh1 Ng4 23. Qe1 Nf2 24. h3 fxg3 25. Nc2 Rf6 26. Nba3 Rh6 27. h4 Rf8 28. Qxa5 Qe7 29. h5 Qg5 30. Qxc7 Nxh1 31. Rxh1 Rxh5 32. Rxh5 Qxh5 33. Qxg3 Qe8 34. Nb5 Rf6 35. Kf1 Qf8 36. Ne1 Rg6 37. Qe5 Bc8 38. Qh2 Qd8 39. Nc2 Qg5 40. Ne1 Bh3+ 41. Ng2 Qxg2+ 42. Qxg2 Rxg2 43. a5 Rf2+ 44. Ke1 Rf1# 0-1

[Event "Potiguar-ch"]
[Site "Macaiba"]
[Date "2015.12.12"]
[Round "1.5"]
[White "Jordao Barbosa, Marcio Ferre"]
[Black "De Lima Jr, Francisco Biagioni"]
[Result "1-0"]
[WhiteElo "1962"]
[BlackElo "1542"]
[PlyCount "77"]
[EventDate "2015.12.12"]
[EventType "swiss"]
[EventRounds "5"]
[EventCountry "BRA"]
[SourceTitle "EXT 2022"]
[Source "ChessBase"]
[SourceDate "2021.10.06"]
[SourceVersion "1"]
[SourceVersionDate "2021.10.06"]
[SourceQuality "1"]

1. e4 d6 2. d4 Nf6 3. Nc3 g6 4. Nf3 Bg4 5. h3 Bxf3 6. Qxf3 Nc6 7. Be3 Bg7 8. 0-0-0 0-0 9. Bb5 a6 10. Bxc6 bxc6 11. e5 Nd5 12. Nxd5 cxd5 13. Qxd5 e6 14. Qc6 d5 15. c3 Qc8 16. h4 h6 17. h5 g5 18. f4 f6 19. exf6 Bxf6 20. fxg5 hxg5 21. Rh3 Kf7 22. Rf1 Ke7 23. Rhf3 g4 24. Qc5+ Kd7 25. Rxf6 Rxf6 26. Rxf6 Qe8 27. Rg6 Qf7 28. Kd2 Rb8 29. b3 Rh8 30. Rg5 Rxh5 31. Rxh5 Qxh5 32. Bf4 Qh1 33. Qxc7+ Ke8 34. Qc6+ Kf7 35. Qd7+ Kf8 36. Bd6+ Kg8 37. Qxe6+ Kh7 38. Qf7+ Kh6 39. Bf4# 1-0